000 00692nam a22002177a 4500
999 _c3626
_d3626
003 AR-CdUCM
008 190307b ||||| |||| 00| 0 spa d
020 _a84-345-8026-8
040 _aMUNICIPALIDAD PROVINCIAL DEL CUSCO
_cBIBLIOTECA MUNICIPAL DEL CUSCO
082 _a868.31 /
_bC18
100 _aCalderón de la Barca, Pedro
_9647
245 _aLa vida es sueño ; El alcalde de Zalamea /
260 _aMéxico :
_bSalvad editores,
300 _a195 páginas ;
_c18 cm.
505 _aContenido: La vida es sueño -- El alcalde de Zalamea.
650 _aTeatro español
_9648
650 _aEdad de Oro, 1500-1700
_93058
650 _aDrama
_9560
942 _2ddc
_cLIBROS
945 _adavv